La cultura y los retos para su investigación /
Salvato in:
| Autore principale: | |
|---|---|
| Natura: | Sconosciuto |
| Lingua: | Spanish |
| Pubblicazione: |
El Salvador:
UCA,
2016.
|
| Tags: |
Aggiungi Tag
Nessun Tag, puoi essere il primo ad aggiungerne!!
|
MARC
| LEADER | 00000 a2200000 4500 | ||
|---|---|---|---|
| 008 | 161007c2016 es |||| |||| 00| 0 spa d | ||
| 022 | |a 1012-5515 | ||
| 040 | |a CIICLA - UCR | ||
| 041 | |a spa | ||
| 100 | 1 | |a Roque Baldovinos, Ricardo | |
| 245 | 1 | 3 | |a La cultura y los retos para su investigación / |c Ricardo Roque Baldovinos |
| 260 | |a El Salvador: |b UCA, |c 2016. | ||
| 300 | |a 189-195 páginas | ||
| 773 | 0 | |d El Salvador: UCA, 2016. |t Realidad. Revista de Ciencias Sociales y Humanidades |g 189-195 páginas, números 145-146, Julio-diciembre (2015) | |
| 942 | |2 ddc |c ARC | ||
| 999 | |c 6447 |d 6447 | ||
